| 000 | 02033nam0a2200361 i 4500 | ||
|---|---|---|---|
| 001 | RU\NLR\BIBL_A\011452416 | ||
| 005 | 20260407075720.0 | ||
| 010 |
_a9785864656600 _9200 |
||
| 035 | _a(NLR Aleph) 011452416 | ||
| 090 |
_a11759891 _c11759891 |
||
| 100 | _a20170809d2015 k y0rusy50 ca | ||
| 101 | 0 |
_arus _aeng _ager |
|
| 102 | _aRU | ||
| 105 | _ac z 000zy | ||
| 200 | 1 |
_aПоэтика и метафизика художественного высказывания _eсборник научных статей к 70-летию доктора филологических наук, профессора Николая Тимофеевича Рымаря _fМинистерство образования и науки Российской Федерации, Федеральное государственное бюджетное образовательное учреждение высшего профессионального образования "Самарский государственный университет" |
|
| 205 | _aИзд. 2-е, испр. и доп. | ||
| 210 |
_aСамара _cСамарский университет _d2015 |
||
| 215 |
_a303 с. _cпортр. _d21 |
||
| 300 | _aТекст на рус., англ., нем. яз. | ||
| 320 | _aБиблиогр. в конце ст. | ||
| 600 | 1 |
_aРымарь _bН. Т. _f1945 _gНиколай Тимофеевич _92395161 _3RU\NLR\AUTH\661428104 |
|
| 606 | 1 |
_aМировая литература _jСборники _91642914 _3RU\NLR\AUTH\66726713 |
|
| 686 | 1 | _aШ5(0)я43 | |
| 686 | 2 | _aШ4г(2)7дРымарь | |
| 702 | 1 |
_4570 _8rus _7ca _aРымарь _bН. Т. _f1945- _gНиколай Тимофеевич _3RU\NLR\AUTH\77256 _9110314 |
|
| 712 | 0 | 2 |
_4570 _aСамарский государственный университет _3RU\NLR\AUTH\884519 _9280558 |
| 942 | _cBOOK | ||
| 980 | _aNBR | ||